00673nam a22001937a 450000500170000001000140001702000100003103500130004103700130005408200080006724500740007526000420014927000610019130000220025270000350027494200220030999900170033195201310034820100812121918.0 aENG-99983 c30.00 aEN-83515 bDBAD/PUB a483 aDictionary of selected proverbs /ccompiled by Mekala Madan Mohan Rao aVijaywadabNavaratna Book Housec2008 a28-22-20, Rahiman Street, Arundel PetbVijaywadae520002 a112p.c21cm (pbk) aRao, Makela Madan Mohan911655 2ddccENh483mDIC c41298d41298 001040718NFICaDBADbDBADd2010-08-12eDBAD/PUBg30.00l0o483 DICpEN-83515r2010-08-12 00:00:00t1v30.00w2010-08-12yEN